| 000 | 00629nam a2200241 a 4500 | ||
|---|---|---|---|
| 001 | 0001-1037 | ||
| 003 | ELIB.Books | ||
| 008 | 141114 2010 eng | ||
| 020 | _a9627471593 | ||
| 035 | _a(ELIB.Books)0001-1191 | ||
| 092 |
_a230.042 _bRos |
||
| 100 | _aWu, Rose. | ||
| 245 | _aA Dissenting Church | ||
| 260 |
_aHong Kong _bHong Kong Women Christian Council _c2003 |
||
| 300 |
_a212 _c21 Cm |
||
| 500 | _aTaylor, Saw. | ||
| 650 | _aFeminist Theology | ||
| 856 |
_nKBTS; Library _uKBTS; Elib. |
||
| 942 |
_2ddc _cBK |
||
| 990 | _a1 | ||
| 998 |
_cbat _e2014-11-14 _mcat _u2018-11-17 |
||
| 999 |
_c11037 _d11037 |
||